[Event "Monte Carlo MNC"]
[Site "?"]
[Date "2006.03.24"]
[Round "6"]
[White "Vallejo Pons Francisco"]
[Black "Aronian Levon"]
[Result "1/2-1/2"]
[WhiteElo "2650"]
[BlackElo "2752"]
[PlyCount "73"]
[EventDate "2006.??.??"]
[Source "www.chesslib.no"]
[SourceDate "2004.05.04"]

1. d4 Nf6 2. Nf3 b6 3. g3 Bb7 4. c4 e6 5. Bg2 c6 6. O-O Be7 7. b3 O-O 8. Bb2 d5 9. Nc3 Nbd7 10. Rc1 Rc8 11. Re1 Rc7 12. e4 Nxe4 13. Nxe4 dxe4 14. Rxe4 c5 15. Re2 Bf6 16. d5 exd5 17. cxd5 Re8 18. Rxe8+ Qxe8 19. d6 Rc8 20. Qc2 Rd8 21. Rd1 Be4 22. Qd2 Qf8 23. Nh4 Bxg2 24. Kxg2 Bxb2 25. Qxb2 Qe8 26. Qc3 Qe6 27. Qf3 Nf6 28. Nf5 g6 29. Ne3 Rxd6 30. Rxd6 Qxd6 31. Qa8+ Kg7 32. Qxa7 Qc6+ 33. Kg1 Nd7 34. Qa4 Qxa4 35. bxa4 Kf6 36. f4 Ke6 37. Kf2 1/2-1/2

[Event "NED-ch op 5'"]
[Site "?"]
[Date "2003.02.15"]
[Round "?"]
[White "Nikolic Predrag"]
[Black "Seirawan Yasser"]
[Result "1-0"]
[WhiteElo "2635"]
[BlackElo "2635"]
[PlyCount "71"]
[EventDate "2003.??.??"]
[Source "www.chesslib.no"]
[SourceDate "2004.05.04"]

1. d4 Nf6 2. c4 e6 3. Nf3 b6 4. g3 Bb7 5. Bg2 c6 6. O-O d5 7. b3 Nbd7 8. Bb2 Be7 9. Nbd2 O-O 10. e3 c5 11. Qe2 Rc8 12. Rac1 Qc7 13. cxd5 exd5 14. dxc5 bxc5 15. Bh3 Rcd8 16. Rfd1 Rfe8 17. Nb1 Qb6 18. Bg2 Bf8 19. Qc2 Bc6 20. Nc3 Qb7 21. Nh4 g6 22. Na4 Bxa4 23. bxa4 Bg7 24. Bxf6 Nxf6 25. Qxc5 Rb8 26. Bxd5 Nxd5 27. Qxd5 Qb2 28. Rc7 Qf6 29. Rxa7 Rb2 30. Nf3 Rc8 31. Ra8 Rxa8 32. Qxa8+ Bf8 33. Rd8 Qe7 34. Qd5 h6 35. Ne5 Qf6 36. Rxf8+ 1-0

[Event "Europa ch 2008"]
[Site "Plovdiv BUL"]
[Date "2008.04.27"]
[Round "7.43"]
[White "Roiz, Michael"]
[Black "Savchenko, Boris"]
[Result "1-0"]
[WhiteElo "2659"]
[BlackElo "2569"]
[PlyCount "35"]
[EventDate "2008.04.21"]
[Source "www.chesslib.no"]
[SourceDate "2004.05.04"]

1. d4 Nf6 2. Nf3 b6 3. c4 e6 4. g3 Bb7 5. Bg2 g6 6. Qd3 Bg7 7. Nc3 d5 8. cxd5 Nxd5 9. Bg5 Qc8 10. Nxd5 Bxd5 11. O-O Qb7 12. Rfe1 f5 13. Qa3 Nc6 14. Rac1 h6 15. Rxc6 Bf8 16. Rxe6+ Bxe6 17. Qe3 Qd5 18. Ne5 1-0

[Event "USSR (ch)"]
[Site "?"]
[Date "1988.??.??"]
[Round "?"]
[White "Eingorn, V."]
[Black "Gurevich, M."]
[Result "1/2-1/2"]
[WhiteElo "2560"]
[BlackElo "2630"]
[PlyCount "52"]
[EventDate "1988.??.??"]
[Source "ChessBase"]
[SourceDate "1988.07.01"]

1. Nf3 Nf6 2. c4 b6 3. d4 e6 4. g3 Bb7 5. Bg2 c5 6. d5 exd5 7. Nh4 b5 8. O-O bxc4 9. Nc3 Be7 10. Bg5 O-O 11. Nf5 Nc6 12. Bxf6 Bxf6 13. Bxd5 Rb8 14. Nd6 Ba8 15. Nxc4 Na5 16. Nxa5 Qxa5 17. Bxa8 Rxa8 18. Qc2 Rab8 19. Rab1 Rb7 20. Rfd1 Rfb8 21. Ne4 Qxa2 22. Nxf6+ gxf6 23. Qxc5 Rxb2 24. Rxb2 Rxb2 25. Qc8+ Kg7 26. Qxd7 Rb1 1/2-1/2

[Event "Najdorf"]
[Site "Buenos Aires"]
[Date "1997.??.??"]
[Round "1"]
[White "Adianto, Utut"]
[Black "Campora, Daniel Hugo"]
[Result "1/2-1/2"]
[WhiteElo "2615"]
[BlackElo "2555"]
[PlyCount "63"]
[EventDate "1997.05.19"]
[Source "ChessBase"]
[SourceDate "1997.10.13"]

1. d4 Nf6 2. c4 e6 3. Nf3 b6 4. g3 Bb7 5. Bg2 c5 6. d5 exd5 7. Nh4 Na6 8. cxd5 d6 9. O-O g6 10. Nc3 Bg7 11. f4 O-O 12. e4 Re8 13. Re1 Nc7 14. a4 Rb8 15. Be3 a6 16. Bf2 b5 17. e5 dxe5 18. d6 Ne6 19. fxe5 Nd7 20. Bxb7 Rxb7 21. Qd5 Rb8 22. axb5 axb5 23. Nf3 Ng5 24. Nxg5 Qxg5 25. e6 Qxd5 26. Nxd5 Rxe6 27. Ne7+ Kf8 28. Rxe6 fxe6 29. Nc6 Rc8 30. Ne7 Rb8 31. Nc6 Rc8 32. Ne7 1/2-1/2

[Event "American Continental"]
[Site "?"]
[Date "1997.??.??"]
[Round "1"]
[White "Adianto Utut"]
[Black "Campora Daniel H"]
[Result "1/2-1/2"]
[WhiteElo "2615"]
[BlackElo "2555"]
[PlyCount "63"]
[EventDate "1997.??.??"]
[Source "www.chesslib.no"]
[SourceDate "2004.05.04"]

1. d4 Nf6 2. c4 e6 3. Nf3 b6 4. g3 Bb7 5. Bg2 c5 6. d5 exd5 7. Nh4 Na6 8. cxd5 d6 9. O-O g6 10. Nc3 Bg7 11. f4 O-O 12. e4 Re8 13. Re1 Nc7 14. a4 Rb8 15. Be3 a6 16. Bf2 b5 17. e5 dxe5 18. d6 Ne6 19. fxe5 Nd7 20. Bxb7 Rxb7 21. Qd5 Rb8 22. axb5 axb5 23. Nf3 Nd4 24. g4 Nf8 25. Nd2 g5 26. Ndb1 Qb6 27. Qa2 Bxe5 28. Nd5 c4 29. Nxb6 Rbc8 30. Nxc4 Rb8 31. Ne3 Rbc8 32. Rd1 1/2-1/2

[Event "Marseille"]
[Site "?"]
[Date "1988.??.??"]
[Round "?"]
[White "Petursson, M."]
[Black "Gurevich, M."]
[Result "1/2-1/2"]
[WhiteElo "2530"]
[BlackElo "2630"]
[PlyCount "121"]
[EventDate "1988.??.??"]
[Source "ChessBase"]
[SourceDate "1988.07.01"]

1. d4 Nf6 2. c4 e6 3. Nf3 b6 4. g3 Bb7 5. Bg2 c5 6. d5 exd5 7. Nh4 b5 8. cxd5 d6 9. a4 b4 10. Nf5 g6 11. Ne3 Bg7 12. Nc4 Ba6 13. Nbd2 O-O 14. O-O Re8 15. Re1 Qe7 16. Rb1 Nbd7 17. Qc2 Nb6 18. Ne3 Bb7 19. Ndc4 Nbxd5 20. Nxd5 Bxd5 21. Bxd5 Nxd5 22. Rd1 Nb6 23. Nxd6 Qxe2 24. Rd2 Qe1+ 25. Kg2 Re7 26. a5 Nd7 27. Rd1 Re2 28. Rxe1 Rxc2 29. Bf4 Nf6 30. Rec1 Rxc1 31. Rxc1 Nh5 32. Be3 Bxb2 33. Rxc5 a6 34. Rc6 Nf6 35. Nc4 Bc3 36. Nb6 Rb8 37. Bf4 Rd8 38. Na4 Nd5 39. Rxa6 Nxf4+ 40. gxf4 Bd2 41. Rb6 Rd5 42. a6 Ra5 43. Nb2 Ra2 44. Nd3 b3 45. Kf3 f5 46. Rb8+ Kg7 47. Rb7+ Kh6 48. a7 Bc3 49. Ne5 Bd4 50. Nc6 Bc5 51. Rxb3 Rxf2+ 52. Kg3 Ra2 53. Rb7 Ra3+ 54. Kg2 Be3 55. Rf7 Bc5 56. h3 Ra2+ 57. Kf1 Ra1+ 58. Ke2 Ra3 59. Kd2 Ra4 60. Kd3 Bg1 61. Ke2 1/2-1/2

[Event "Amsterdam"]
[Site "Amsterdam"]
[Date "1981.??.??"]
[Round "?"]
[White "Kavalek, Lubomir"]
[Black "Ljubojevic, Ljubomir"]
[Result "1-0"]
[WhiteElo "2550"]
[BlackElo "2605"]
[PlyCount "79"]
[EventDate "1981.05.??"]
[Source "ChessBase"]

1. d4 Nf6 2. c4 e6 3. Nf3 b6 4. g3 Bb7 5. Bg2 c5 6. d5 exd5 7. Nh4 g6 8. Nc3 Bg7 9. O-O O-O 10. Bf4 Na6 11. Bd6 Re8 12. cxd5 b5 13. Nxb5 Qb6 14. a4 Nb4 15. Bc7 Qa6 16. Rc1 Bf8 17. d6 Bxg2 18. Nxg2 Re5 19. f3 Bh6 20. Rc4 Nfd5 21. e4 Ne3 22. Nxe3 Bxe3+ 23. Kg2 Rae8 24. Re1 Bh6 25. f4 R5e6 26. Rxc5 Rxe4 27. Rxe4 Rxe4 28. Qf3 Re8 29. b3 Bg7 30. Rc4 Nc6 31. Rxc6 dxc6 32. d7 Rf8 33. Nd6 Bf6 34. Ne8 c5 35. Nxf6+ Qxf6 36. Qd5 Rd8 37. Bxd8 Qxd8 38. Kf2 Kg7 39. Qe5+ Kf8 40. Qxc5+ 1-0

[Event "Solingen m2"]
[Site "Solingen GER"]
[Date "1977.??.??"]
[Round "2"]
[White "Kavalek, Lubomir"]
[Black "Spassky, Boris Vasily"]
[Result "1/2-1/2"]
[WhiteElo "2545"]
[BlackElo "2610"]
[PlyCount "46"]
[EventDate "1977.02.??"]
[Source "www.chesslib.no"]
[SourceDate "2004.05.04"]

1. d4 Nf6 2. c4 e6 3. Nf3 b6 4. g3 Bb7 5. Bg2 g6 6. O-O Bg7 7. Nc3 Ne4 8. Nxe4 Bxe4 9. Bg5 f6 10. Be3 Nc6 11. d5 Ne7 12. dxe6 dxe6 13. Qa4+ Bc6 14. Qb3 O-O 15. Nd4 Bxg2 16. Kxg2 Qd7 17. Rad1 c5 18. Nb5 Qb7+ 19. f3 Rfd8 20. Rxd8+ Rxd8 21. Rd1 Nc6 22. Rxd8+ Nxd8 23. Qa4 Nc6 1/2-1/2

[Event "XX Carlos Torre Wimbledon"]
[Site "Merida MEX"]
[Date "2007.12.19"]
[Round "1.2"]
[White "Graf, A."]
[Black "Hernandez Carmenates, Hold"]
[Result "1-0"]
[WhiteElo "2574"]
[BlackElo "2566"]
[PlyCount "45"]
[EventDate "2007.12.19"]
[Source "www.chesslib.no"]
[SourceDate "2004.05.04"]

1. d4 Nf6 2. c4 e6 3. Nf3 b6 4. g3 Bb7 5. Bg2 g6 6. Nc3 Bg7 7. O-O d5 8. cxd5 exd5 9. Qa4+ c6 10. Bg5 h6 11. Bxf6 Bxf6 12. e4 dxe4 13. Nxe4 Be7 14. Ne5 O-O 15. Rac1 Kg7 16. Rfe1 f6 17. Nd3 Na6 18. Nf4 Nc7 19. d5 Rf7 20. Ne6+ Nxe6 21. dxe6 b5 22. Qb3 Rf8 23. Red1 1-0

[Event "Araraqua tt"]
[Site "Araraqua"]
[Date "1999.??.??"]
[Round "5"]
[White "Milos, Gilberto"]
[Black "Sunye Neto, Jaime"]
[Result "1/2-1/2"]
[WhiteElo "2586"]
[BlackElo "2546"]
[PlyCount "96"]
[EventDate "1999.??.??"]
[Source "www.chesslib.no"]
[SourceDate "2004.05.04"]

1. d4 Nf6 2. c4 e6 3. Nf3 b6 4. g3 Bb7 5. Bg2 g6 6. O-O Bg7 7. Qc2 O-O 8. Nc3 d5 9. cxd5 exd5 10. Bf4 Na6 11. Rac1 c5 12. Rfd1 Qe7 13. Be5 Rfd8 14. e3 Bh6 15. Bxf6 Qxf6 16. Ne5 Qe6 17. Rb1 Nb4 18. Qe2 f6 19. Qg4 Qxg4 20. Nxg4 Bg7 21. a3 Na6 22. dxc5 f5 23. Nxd5 Nxc5 24. b4 Ne4 25. Ngf6+ Nxf6 26. Nxf6+ Bxf6 27. Bxb7 Rxd1+ 28. Rxd1 Rd8 29. Bd5+ Kg7 30. b5 Be7 31. a4 Bc5 32. Kg2 Kf6 33. Rd3 g5 34. h3 h5 35. Kf1 Ke5 36. f4+ Kf6 37. fxg5+ Kxg5 38. h4+ Kf6 39. Kf2 Ke5 40. Bc4 Rxd3 41. Bxd3 Kf6 42. Be2 Kg6 43. Bf3 Bd6 44. Bc6 Kh6 45. Kf3 Be5 46. e4 fxe4+ 47. Bxe4 Bc3 48. Bc6 Bb4 1/2-1/2

[Event "Nova Gorica op 5th"]
[Site "Nova Gorica"]
[Date "2000.02.06"]
[Round "6"]
[White "Epishin, Vladimir"]
[Black "Fercec, Nenad"]
[Result "1-0"]
[WhiteElo "2667"]
[BlackElo "2464"]
[PlyCount "85"]
[EventDate "2000.02.01"]
[Source "www.chesslib.no"]
[SourceDate "2004.05.04"]

1. d4 Nf6 2. c4 e6 3. Nf3 b6 4. g3 Bb7 5. Bg2 c5 6. d5 exd5 7. Nh4 d6 8. Nc3 Qd7 9. cxd5 b5 10. e4 b4 11. Na4 Be7 12. O-O O-O 13. Re1 Na6 14. b3 g6 15. Nf3 Rfe8 16. Bb2 Nc7 17. Rc1 Rad8 18. Qd2 Nh5 19. h3 Bf6 20. e5 dxe5 21. Nxe5 Qd6 22. Ng4 Bxd5 23. Bxd5 Qxd5 24. Rxe8+ Nxe8 25. Nxf6+ Nhxf6 26. Qxd5 Rxd5 27. Rxc5 Rxc5 28. Nxc5 Nd5 29. Kf1 Kf8 30. Ke2 Ke7 31. Kd3 h5 32. Bd4 Nec7 33. Kc4 a6 34. Nd3 a5 35. Nc5 Kd6 36. Nb7+ Kd7 37. Nxa5 f5 38. Bc5 f4 39. g4 hxg4 40. hxg4 f3 41. Bd4 Nf4 42. Kxb4 Nfe6 43. Kc4 1-0

[Event "Balatonbereny"]
[Site "Balatonbereny"]
[Date "1995.??.??"]
[Round "11"]
[White "Pinter, Jozsef"]
[Black "Nikolaidis, Ioannis"]
[Result "1/2-1/2"]
[WhiteElo "2565"]
[BlackElo "2540"]
[PlyCount "22"]
[EventDate "1995.08.??"]
[Source "ChessBase"]

1. d4 Nf6 2. c4 e6 3. Nf3 b6 4. g3 Bb7 5. Bg2 g6 6. O-O Bg7 7. Nc3 Ne4 8. Nxe4 Bxe4 9. Nh4 Bxg2 10. Nxg2 d5 11. cxd5 exd5 1/2-1/2

[Event "Deutscher Mannschaftspokal"]
[Site "Bad Bergzabern"]
[Date "2004.01.25"]
[Round "3.1"]
[White "Dautov, Rustem"]
[Black "Schmittdiel, Eckhard"]
[Result "1-0"]
[WhiteElo "2616"]
[BlackElo "2483"]
[PlyCount "71"]
[EventDate "2004.01.24"]
[Source "Roberto Alvarez"]
[SourceDate "2004.03.22"]

1. d4 Nf6 2. c4 e6 3. Nf3 b6 4. g3 Bb7 5. Bg2 g6 6. O-O Bg7 7. Qd3 O-O 8. Nc3 d5 9. cxd5 exd5 10. Bg5 Nbd7 11. Ne5 h6 12. Bxf6 Nxf6 13. b4 a5 14. b5 Qd6 15. e3 Ne4 16. f4 Rae8 17. Rac1 f5 18. Nxe4 fxe4 19. Qb3 Kh7 20. Bh3 Re7 21. Rf2 Bf6 22. Rfc2 a4 23. Qb2 Rg8 24. Rc3 Reg7 25. Qc2 Qb4 26. Rxc7 Bd8 27. Rxg7+ Rxg7 28. Nc6 Bxc6 29. bxc6 Qa3 30. Qd2 Bc7 31. Rb1 g5 32. Bf5+ Kh8 33. fxg5 Rxg5 34. Rf1 Qd6 35. Bd7 h5 36. Kh1 1-0

[Event "GRE-chT"]
[Site "Poros"]
[Date "1998.04.23"]
[Round "5"]
[White "Atalik, Suat"]
[Black "Nikolaidis, Ioannis"]
[Result "0-1"]
[WhiteElo "2595"]
[BlackElo "2490"]
[PlyCount "68"]
[EventDate "1998.??.??"]
[Source "www.chesslib.no"]
[SourceDate "2004.05.04"]

1. d4 Nf6 2. c4 e6 3. Nf3 b6 4. g3 Bb7 5. Bg2 g6 6. Qc2 c5 7. dxc5 bxc5 8. Nc3 Nc6 9. Bf4 d6 10. O-O-O a6 11. e4 Qb6 12. e5 Nd7 13. exd6 Bg7 14. Na4 Qa7 15. Qd2 Nd4 16. Nxd4 Bxg2 17. Rhg1 cxd4 18. Rxg2 O-O 19. Kb1 Qb7 20. Rgg1 e5 21. Bh6 Bxh6 22. Qxh6 Qc6 23. b3 Rab8 24. Ka1 Qxd6 25. g4 Nc5 26. Nxc5 Qxc5 27. g5 Rxb3 28. Qxf8+ Qxf8 29. axb3 Qa3+ 30. Kb1 Qxb3+ 31. Ka1 Qc3+ 32. Kb1 Qxc4 33. Rd2 e4 34. Rc1 Qb5+ 0-1

[Event "Gothenburg"]
[Site "Gothenburg"]
[Date "1996.??.??"]
[Round "2"]
[White "Chernin, Alexander"]
[Black "Brynell, Stellan"]
[Result "1/2-1/2"]
[WhiteElo "2635"]
[BlackElo "2445"]
[PlyCount "46"]
[EventDate "1996.08.??"]
[Source "www.chesslib.no"]
[SourceDate "2004.05.04"]

1. d4 e6 2. c4 Nf6 3. Nf3 b6 4. g3 Bb7 5. Bg2 c5 6. d5 exd5 7. Nh4 g6 8. Nc3 Bg7 9. O-O O-O 10. cxd5 d6 11. h3 Na6 12. Rb1 Nc7 13. a4 Nd7 14. e4 Ba6 15. Re1 Ne5 16. Bf1 Bxf1 17. Rxf1 Na6 18. Nf3 Nxf3+ 19. Qxf3 Nb4 20. Nb5 Nc2 21. Qd3 Nb4 22. Qf3 Nc2 23. Qd3 Nb4 1/2-1/2

[Event "Germany"]
[Site "?"]
[Date "2004.01.25"]
[Round "3"]
[White "Dautov Rustem"]
[Black "Schmittdiel Eckhard"]
[Result "1-0"]
[WhiteElo "2623"]
[BlackElo "2454"]
[PlyCount "47"]
[EventDate "2004.??.??"]
[Source "www.chesslib.no"]
[SourceDate "2004.05.04"]

1. d4 Nf6 2. c4 e6 3. Nf3 b6 4. g3 Bb7 5. Bg2 g6 6. O-O Bg7 7. Qd3 d5 8. b3 Na6 9. Ba3 c6 10. e4 Nxe4 11. Qxe4 Qc7 12. Qh4 Rd8 13. Bc1 Qe7 14. Bg5 f6 15. Be3 c5 16. g4 Qf7 17. dxc5 Qc7 18. Qxf6 Qf7 19. Nc3 h6 20. b4 b5 21. Ne4 Bxf6 22. a4 Rg8 23. g5 h5 24. Kh1 1-0

[Event "Porz"]
[Site "Porz"]
[Date "1988.??.??"]
[Round "?"]
[White "Fedorowicz, John P"]
[Black "Christiansen, Larry Mark"]
[Result "1/2-1/2"]
[WhiteElo "2520"]
[BlackElo "2550"]
[PlyCount "31"]
[EventDate "1988.12.??"]
[Source "ChessBase"]

1. d4 Nf6 2. Nf3 e6 3. c4 b6 4. g3 Bb7 5. Nc3 Bb4 6. Bd2 Bxc3 7. Bxc3 Ne4 8. Rc1 O-O 9. Bg2 Nxc3 10. Rxc3 d6 11. Qc2 f5 12. Re3 Qf6 13. O-O Nd7 14. Nh4 Bxg2 15. Nxg2 Rae8 16. Qa4 1/2-1/2

[Event "Balatonbereny HUN"]
[Site "Balatonbereny HUN"]
[Date "1995.??.??"]
[Round "?"]
[White "Pinter, Jozsef"]
[Black "Nikolaidis, Ioannis"]
[Result "1/2-1/2"]
[WhiteElo "2555"]
[BlackElo "2495"]
[PlyCount "22"]
[EventDate "1995.??.??"]
[Source "www.chesslib.no"]
[SourceDate "2004.05.04"]

1. d4 Nf6 2. c4 e6 3. Nf3 b6 4. g3 Bb7 5. Bg2 g6 6. O-O Bg7 7. Nc3 Ne4 8. Nxe4 Bf8 9. Neg5 Na6 10. Nxf7 Bd5 11. cxd5 Ke7 1/2-1/2

[Event "Calcutta"]
[Site "Calcutta"]
[Date "1992.??.??"]
[Round "4"]
[White "Vyzmanavin, Alexey"]
[Black "Khasin, Alexander"]
[Result "1-0"]
[WhiteElo "2590"]
[BlackElo "2455"]
[PlyCount "49"]
[EventDate "1992.01.??"]
[Source "ChessBase"]

1. d4 Nf6 2. c4 e6 3. Nf3 b6 4. g3 Bb7 5. Bg2 g6 6. O-O Bg7 7. Nc3 Ne4 8. Bd2 O-O 9. Rc1 d5 10. cxd5 exd5 11. Bf4 Na6 12. Qa4 Qe8 13. Qb3 c5 14. Rfd1 cxd4 15. Nxd4 Nac5 16. Qb4 Qe7 17. Nxe4 dxe4 18. Nb3 Rfd8 19. Rxd8+ Rxd8 20. Nxc5 bxc5 21. Qxc5 Qxc5 22. Rxc5 f5 23. Kf1 Bd4 24. Rc2 Ba6 25. Rd2 1-0

[Event "Surakarta/Denpasar"]
[Site "Surakarta"]
[Date "1982.??.??"]
[Round "12"]
[White "Christiansen, Larry Mark"]
[Black "Henley, Ron W"]
[Result "1/2-1/2"]
[WhiteElo "2585"]
[BlackElo "2460"]
[PlyCount "65"]
[EventDate "1982.02.??"]
[Source "ChessBase"]

1. Nf3 Nf6 2. g3 b6 3. d4 Bb7 4. c4 e6 5. Bg2 c5 6. d5 exd5 7. Nh4 b5 8. cxd5 d6 9. O-O g6 10. Qb3 a6 11. a4 Nbd7 12. axb5 Bg7 13. Bf4 Qb6 14. Na3 O-O 15. Nc4 Qxb5 16. Qxb5 axb5 17. Nxd6 Bxd5 18. Nxb5 Bxg2 19. Nxg2 Nd5 20. Rxa8 Rxa8 21. Rd1 Bxb2 22. Rxd5 Ra1+ 23. Ne1 Rxe1+ 24. Kg2 Nf6 25. Rd2 Bc1 26. Rd8+ Kg7 27. Bd6 Ne4 28. Be5+ f6 29. Rd7+ Kg8 30. Nc3 Nxc3 31. Bxc3 Rxe2 32. Bxf6 Be3 33. Kf3 1/2-1/2

[Event "Magyarorszag (ch)"]
[Site "?"]
[Date "1995.??.??"]
[Round "?"]
[White "Farago, I."]
[Black "Adorjan, A."]
[Result "1/2-1/2"]
[WhiteElo "2520"]
[BlackElo "2525"]
[PlyCount "133"]
[EventDate "1995.??.??"]
[Source "ChessBase"]
[SourceDate "1995.06.01"]

1. d4 Nf6 2. c4 e6 3. Nf3 b6 4. g3 Bb7 5. Bg2 c5 6. d5 exd5 7. Nh4 g6 8. Nc3 Bg7 9. O-O O-O 10. Bg5 d6 11. Nxd5 Nc6 12. Qd2 Rb8 13. Rad1 Nd4 14. b3 b5 15. e3 Ne6 16. Bxf6 Bxf6 17. Nxf6+ Qxf6 18. Bxb7 Rxb7 19. cxb5 Rxb5 20. f4 c4 21. Qe2 Rc8 22. bxc4 Rb2 23. Rd2 Rcb8 24. f5 Qc3 25. Rf2 Rb1+ 26. Rd1 Ng5 27. Kg2 R8b2 28. Rxb1 Rxe2 29. Rxe2 Qxc4 30. Rb8+ Kg7 31. Rf2 Qd5+ 32. Nf3 Ne4 33. Rfb2 Ng5 34. Rf2 Qxf5 35. Nxg5 Qxg5 36. Rb3 Qd5+ 37. Kg1 Qc5 38. Rd3 Qc1+ 39. Kg2 Qc6+ 40. Kg1 Kf8 41. Rfd2 Ke7 42. h4 h6 43. Kf2 f5 44. Rd4 a5 45. a4 Ke6 46. g4 fxg4 47. Rxg4 Kf5 48. Rgd4 Ke5 49. Kg3 Qc5 50. R2d3 d5 51. Rd2 Qc6 52. R2d3 Ke6 53. Kf3 Qb7 54. Rd2 Qb1 55. e4 Qh1+ 56. Kg3 Qe1+ 57. Kf3 Qf1+ 58. Kg3 Qg1+ 59. Kf3 Qh1+ 60. Kg3 Qe1+ 61. Kf3 h5 62. exd5+ Kd6 63. Rd1 Qe5 64. Rc4 Qf5+ 65. Rf4 Qc2 66. Rdd4 Qc1 67. Rfe4 1/2-1/2

[Event "IBM"]
[Site "Amsterdam"]
[Date "1977.??.??"]
[Round "6"]
[White "Ree, Hans"]
[Black "Miles, Anthony J"]
[Result "0-1"]
[WhiteElo "2460"]
[BlackElo "2555"]
[PlyCount "80"]
[EventDate "1977.06.??"]
[Source "ChessBase"]

1. d4 Nf6 2. Nf3 e6 3. c4 b6 4. g3 Bb7 5. Bg2 d5 6. cxd5 Nxd5 7. O-O Be7 8. Re1 O-O 9. e4 Nf6 10. Nc3 c5 11. d5 exd5 12. exd5 Bd6 13. Ne5 Bxe5 14. Rxe5 Na6 15. Bf4 Re8 16. Qd2 Qd7 17. Rd1 Rad8 18. Rxe8+ Nxe8 19. h4 h6 20. Kh2 Bc8 21. d6 Nf6 22. Re1 Nb4 23. a3 Nc6 24. Nd5 Nxd5 25. Qxd5 Bb7 26. Qh5 Re8 27. Rxe8+ Qxe8 28. Bd5 Bc8 29. Bxh6 Ne5 30. Bf4 Ng4+ 31. Kg2 Be6 32. Bf3 g6 33. Qg5 f6 34. Qxg4 Bxg4 35. Bxg4 Kf7 36. h5 g5 37. d7 Qa8+ 38. Bf3 Qd8 39. Be3 Qxd7 40. g4 Qd6 0-1

[Event "ARG-ch"]
[Site "Pena City"]
[Date "1996.??.??"]
[Round "11"]
[White "Sorin, Ariel"]
[Black "Slipak, Sergio"]
[Result "0-1"]
[WhiteElo "2485"]
[BlackElo "2515"]
[PlyCount "84"]
[EventDate "1996.10.??"]
[Source "ChessBase"]

1. d4 Nf6 2. c4 e6 3. Nf3 b6 4. g3 Bb7 5. Bg2 c5 6. d5 exd5 7. Nh4 g6 8. Nc3 Bg7 9. Bg5 O-O 10. O-O d6 11. Nxd5 Nc6 12. Qd2 Rb8 13. Rfd1 Nd4 14. b3 b5 15. e3 Ne6 16. Bxf6 Bxf6 17. Nxf6+ Qxf6 18. Bxb7 Rxb7 19. Qxd6 bxc4 20. Qa6 Rb4 21. bxc4 g5 22. Ng2 Qf3 23. h4 Rb2 24. Rab1 Rxb1 25. Rxb1 Qe4 26. Qb7 Qxc4 27. Qxa7 Qc2 28. Rf1 h6 29. a4 c4 30. a5 c3 31. Qb6 Qa4 32. hxg5 hxg5 33. Rc1 Ra8 34. Ne1 Qa3 35. Nd3 Rxa5 36. Rc2 Rd5 37. Ne5 Qa8 38. Nc6 Rd1+ 39. Kh2 Kg7 40. Kg2 Qh8 41. Kf3 Qh1+ 42. Ke2 g4 0-1

[Event "Las Palmas"]
[Site "Las Palmas"]
[Date "1975.??.??"]
[Round "2"]
[White "Debarnot, Roberto"]
[Black "Ljubojevic, Ljubomir"]
[Result "0-1"]
[WhiteElo "2380"]
[BlackElo "2615"]
[PlyCount "80"]
[EventDate "1975.??.??"]
[Source "ChessBase"]

1. d4 Nf6 2. c4 e6 3. Nf3 b6 4. g3 Bb7 5. Bg2 c5 6. O-O cxd4 7. Nxd4 Bxg2 8. Kxg2 Qc7 9. b3 a6 10. Qd3 Be7 11. Nc3 O-O 12. Qf3 Ra7 13. Bb2 Rc8 14. Rac1 d6 15. Rfd1 Qd8 16. Ne4 Rac7 17. Nc2 Ne8 18. g4 b5 19. Ne3 bxc4 20. bxc4 h6 21. Rd3 Nd7 22. Rcd1 Rc6 23. Rb3 Nf8 24. Kh1 Ng6 25. Rb7 Rb6 26. Rxb6 Qxb6 27. Bd4 Qb4 28. Kg1 Nh4 29. Qg3 Qb7 30. f3 Ng6 31. Kf1 Bh4 32. Qg1 Nf4 33. Nxd6 Nxd6 34. Be5 Nxe2 35. Kxe2 Nxc4 36. Nxc4 Qb5 37. Rc1 Rxc4 38. Rxc4 Qxc4+ 39. Ke3 Qxa2 40. Kd3 Qd5+ 0-1

[Event "BL2-S9697"]
[Site "Germany"]
[Date "1997.??.??"]
[Round "?"]
[White "Hertneck, Gerald"]
[Black "Zeller, Frank"]
[Result "1-0"]
[WhiteElo "2565"]
[BlackElo "2425"]
[PlyCount "101"]
[EventDate "1996.??.??"]
[Source "www.chesslib.no"]
[SourceDate "2004.05.04"]

1. d4 Nf6 2. c4 e6 3. Nf3 b6 4. g3 Bb7 5. Bg2 c5 6. d5 exd5 7. Nh4 g6 8. Nc3 Bg7 9. O-O O-O 10. Re1 d6 11. Bg5 Re8 12. Nxd5 Nc6 13. Qd2 Rb8 14. Rad1 Nd4 15. b3 b5 16. e3 Ne6 17. Bxf6 Bxf6 18. Nxf6+ Qxf6 19. Bxb7 Rxb7 20. cxb5 Rd8 21. a4 d5 22. f4 a6 23. bxa6 Rxb3 24. Rb1 Rxb1 25. Rxb1 Ra8 26. Qxd5 Rxa6 27. Qc4 Ra8 28. Nf3 Qf5 29. e4 Qh3 30. Ra1 Nxf4 31. Qf1 Qg4 32. a5 Nh3+ 33. Kg2 Nf4+ 34. Kh1 Ne6 35. Ra4 Nd4 36. Nxd4 Qxe4+ 37. Qf3 Qe1+ 38. Kg2 Re8 39. a6 cxd4 40. a7 Qd2+ 41. Qf2 Qxf2+ 42. Kxf2 Ra8 43. Ke2 Kf8 44. Kd3 Ke7 45. Kxd4 Kd7 46. Ke5 Ke7 47. Kd5 Kd7 48. Ra6 f5 49. Ke5 Ke7 50. h4 Kd7 51. Kd5 1-0

[Event "Europa ch 2008"]
[Site "Plovdiv BUL"]
[Date "2008.04.23"]
[Round "3.90"]
[White "Morchiashvili, Bachana"]
[Black "Savchenko, Boris"]
[Result "0-1"]
[WhiteElo "2421"]
[BlackElo "2569"]
[PlyCount "82"]
[EventDate "2008.04.21"]
[Source "www.chesslib.no"]
[SourceDate "2004.05.04"]

1. d4 Nf6 2. c4 e6 3. Nf3 b6 4. g3 Bb7 5. Bg2 g6 6. Nc3 Bg7 7. d5 O-O 8. O-O d6 9. e4 Nbd7 10. Re1 Re8 11. h3 a6 12. Qc2 Nc5 13. Rb1 a5 14. b3 exd5 15. cxd5 Ba6 16. Bf1 Bxf1 17. Kxf1 c6 18. dxc6 Qc8 19. Bg5 Qxc6 20. Bxf6 Bxf6 21. Nd5 Bg7 22. b4 axb4 23. Rxb4 b5 24. Nd4 Qc8 25. Kg2 Na6 26. Qxc8 Raxc8 27. Nxb5 Nxb4 28. Nxb4 Rc5 29. a4 Ra8 30. Nd5 Rxa4 31. Nxd6 Be5 32. Ne8 Rc2 33. Nef6+ Kg7 34. Ng4 Bd4 35. Nge3 Rd2 36. Kf3 Raa2 37. Rf1 Bc5 38. Nc3 Ra6 39. Ncd5 Re6 40. Rc1 Bxe3 41. Nxe3 Rf6+ 0-1

[Event "Moscow (ol)"]
[Site "?"]
[Date "1994.??.??"]
[Round "?"]
[White "Cruz, F."]
[Black "Seirawan, Y."]
[Result "0-1"]
[WhiteElo "2405"]
[BlackElo "2585"]
[PlyCount "122"]
[EventDate "1994.??.??"]
[Source "ChessBase"]
[SourceDate "1994.10.01"]

1. d4 Nf6 2. Nf3 e6 3. c4 b6 4. g3 Bb7 5. Bg2 c6 6. O-O d5 7. Nc3 Nbd7 8. cxd5 cxd5 9. Bf4 a6 10. Rc1 Rc8 11. Qb3 Be7 12. Rfd1 O-O 13. a4 Nh5 14. Bd2 Bd6 15. Na2 Qe7 16. Bb4 Nhf6 17. Ne5 Bxb4 18. Nxd7 Nxd7 19. Nxb4 a5 20. Nd3 Ba6 21. e3 Rc4 22. Bf1 Rfc8 23. Rc3 Rxc3 24. bxc3 Bc4 25. Qb2 Qd6 26. Ne5 Nxe5 27. dxe5 Qb8 28. Bxc4 Rxc4 29. Rd4 Rc5 30. e4 dxe4 31. Qd2 Rc8 32. Rd7 Rf8 33. Qd4 b5 34. axb5 Qxb5 35. c4 Qb1+ 36. Kg2 Qd3 37. Qxd3 exd3 38. Rxd3 Rc8 39. Kf3 g5 40. Rc3 a4 41. Ke3 a3 42. Kd4 Ra8 43. Rc1 g4 44. Ra1 Kf8 45. Ra2 Ke7 46. Kc3 Ra5 47. Kb4 Rxe5 48. Kxa3 Ra5+ 49. Kb3 Rxa2 50. Kxa2 Kd6 51. Kb3 Kc5 52. Kc3 e5 53. Kd3 f5 54. Kc3 e4 55. Kb3 h6 56. Kc3 h5 57. Kb3 f4 58. gxf4 e3 59. fxe3 h4 60. f5 Kd6 61. Kb4 Ke5 0-1